000 00891nam a22002417a 4500
003 OSt
005 20221013120755.0
008 210211s1970 sp |||br|||| 00| 1 spa d
040 _aCO-JMCR
_cCO-JMCR
041 0 _aspa
082 0 4 _aT /
_bBENp
_223
100 1 _aBenavente, Jacinto,
_eautor
_913361
245 1 3 _aEl príncipe que todo lo aprendió en los libros /
_cpor Jacinto Benavente
246 3 5 _aEl príncipe que todo lo aprendió en los libros :
_bcuento en dos actos y siete cuadros
260 _aBarcelona :
_bLabor,
_c1970
300 _a131 páginas :
_bilustraciones a blanco y negro ;
_c21 cm.
490 0 _aSelección de cuentos y leyendas
586 _a Premio Nobel de Literatura
650 1 4 _aTeatro escolar e infantil español
_zSiglo xx
_913362
650 1 4 _aPríncipes en el teatro
_913363
650 1 4 _aLiteratura española
_ySiglo xx
_98517
942 _2ddc
_cBK
999 _c7171
_d7171